[Event "Lliga Catalana DH"]
[Site "?"]
[Date "2018.02.03"]
[Round "3.4"]
[White "Diaz Comallonga, Carles"]
[Black "Martinez Lopez, Ivan"]
[Result "1/2-1/2"]
[WhiteElo "2489"]
[BlackElo "2317"]
[PlyCount "150"]
[WhiteTeam "CCS"]
[BlackTeam "LLE"]

1. e4 e5 2. Nf3 Nc6 3. Bb5 Nf6 4. d3 d6 5. O-O Be7 6. c3 O-O 7. Re1 Bd7 8. h3
h6 9. d4 Nxd4 10. Nxd4 exd4 11. Bxd7 Nxd7 12. cxd4 c6 13. Nc3 Re8 14. Bf4 Nf8
15. Qg4 Qc8 16. Qg3 Qe6 17. d5 Qg6 18. Rad1 Qxg3 19. Bxg3 c5 20. Nb5 Red8 21.
a4 Ng6 22. f4 a6 23. Nc3 b5 24. e5 bxa4 25. Nxa4 Rab8 26. Re4 Rb3 27. Be1 f5
28. exf6 Bxf6 29. Bc3 Bxc3 30. bxc3 Kf7 31. Rde1 Rd7 32. R1e3 Re7 33. f5 Ne5
34. Nxc5 dxc5 35. d6 Rd7 36. Rxe5 Rxd6 37. Rxc5 Rb5 38. Rc7+ Kf6 39. Ree7 Kxf5
40. Rxg7 Rbb6 41. Rc5+ Ke4 42. Rg3 Rbc6 43. Rh5 Rg6 44. Rh4+ Kd5 45. Re3 Rc4
46. Rh5+ Kc6 47. Rhe5 Kb6 48. Re6+ Rc6 49. R6e4 a5 50. c4 Rc5 51. Rb3+ Kc6 52.
Kh2 a4 53. Ra3 Ra5 54. c5 Kb5 55. Ra1 Rga6 56. Rc1 Kc6 57. Re6+ Kd5 58. Re8 Rc6
59. Rd8+ Ke6 60. Re1+ Kf7 61. Rd7+ Kf6 62. Rd6+ Rxd6 63. cxd6 Rd5 64. Re4 a3
65. Ra4 Rxd6 66. Rxa3 Kg6 67. Kg3 Rb6 68. Kh4 Rb4+ 69. g4 Rb6 70. Ra5 Rc6 71.
Re5 Rb6 72. Rf5 Ra6 73. Kg3 Ra3+ 74. Kh4 Ra6 75. Re5 Rb6 1/2-1/2

[Event "Lliga Catalana DH"]
[Site "?"]
[Date "2018.02.03"]
[Round "3.5"]
[White "Quintas Galeano, Lluis"]
[Black "Lorenzo de la Riva, Lazaro"]
[Result "0-1"]
[WhiteElo "2227"]
[BlackElo "2449"]
[PlyCount "90"]
[WhiteTeam "LLE"]
[BlackTeam "CCS"]

1. e4 c5 2. Nc3 Nc6 3. g3 g6 4. Bg2 Bg7 5. d3 Rb8 6. Be3 d6 7. Qd2 b5 8. Nge2
b4 9. Nd1 Nd4 10. O-O Nxe2+ 11. Qxe2 Nf6 12. h3 O-O 13. f4 Nd7 14. h4 Qa5 15.
g4 Ba6 16. Qf2 c4 17. d4 c3 18. Re1 cxb2 19. Nxb2 Qa3 20. Nd3 Bxd3 21. cxd3
Rbc8 22. Rad1 Rc3 23. Bf1 Rfc8 24. Rd2 Rc1 25. Rxc1 Rxc1 26. Rc2 Ra1 27. e5
Qxd3 28. Rc8+ Nf8 29. Rc1 Rxc1 30. Bxc1 Qd1 31. Be3 Qxg4+ 32. Kh2 a5 33. Bh3
Qd1 34. exd6 exd6 35. f5 a4 36. f6 Bh8 37. Bh6 b3 38. axb3 axb3 39. Qf4 Qe2+
40. Kg3 b2 41. Qxd6 Qe8 42. Qe7 Qb8+ 43. Bf4 b1=Q 44. Bxb8 Qxb8+ 45. Kf2 Qb2+
0-1

[Event "Lliga Catalana DH"]
[Site "?"]
[Date "2018.02.03"]
[Round "3.6"]
[White "Perpinya Rofes, Lluis Mª"]
[Black "Sole Pijuan, Ferran"]
[Result "1-0"]
[WhiteElo "2445"]
[BlackElo "2226"]
[PlyCount "116"]
[WhiteTeam "CCS"]
[BlackTeam "LLE"]

1. e4 e5 2. Nf3 Nc6 3. Bb5 a6 4. Ba4 Nf6 5. O-O Be7 6. d3 b5 7. Bb3 d6 8. a3
O-O 9. Nc3 Be6 10. Ba2 Bxa2 11. Rxa2 d5 12. Bg5 dxe4 13. dxe4 Qxd1 14. Rxd1
Rfd8 15. Raa1 Rxd1+ 16. Rxd1 Rd8 17. Rxd8+ Bxd8 18. Bxf6 Bxf6 19. Nd5 Bd8 20.
Kf1 f6 21. Ke2 Kf7 22. Kd3 Nb8 23. Nd2 c6 24. Nb4 a5 25. Na2 Bb6 26. f3 Nd7 27.
b4 a4 28. c4 Bd4 29. cxb5 cxb5 30. Nb1 Nf8 31. Nac3 Ne6 32. Nxb5 Bg1 33. Kc4
Bxh2 34. N1c3 h5 35. Nxa4 Bg1 36. Nc5 Nf4 37. Nd6+ Ke7 38. Nf5+ Kd8 39. Nxg7
Bxc5 40. Kxc5 h4 41. Nf5 Nxg2 42. Kc6 Kc8 43. Kd6 h3 44. Ng3 Nf4 45. Nf1 Nd3
46. Ke6 Ne1 47. Nh2 Nc2 48. Kxf6 Nxa3 49. Kxe5 Kd7 50. Kf4 Nc2 51. b5 Nd4 52.
b6 Kc6 53. Kg3 Kxb6 54. Kxh3 Kc6 55. Kg4 Kd6 56. Kg5 Ke6 57. f4 Nc6 58. Ng4 Nd4
1-0

[Event "Lliga Catalana DH"]
[Site "?"]
[Date "2018.02.03"]
[Round "3.7"]
[White "Bruned Segura, Mario"]
[Black "Rahal, Michael"]
[Result "1/2-1/2"]
[WhiteElo "2217"]
[BlackElo "2426"]
[PlyCount "31"]
[WhiteTeam "LLE"]
[BlackTeam "CCS"]

1. e4 c5 2. Nf3 a6 3. c3 e6 4. d4 d5 5. Nbd2 cxd4 6. cxd4 dxe4 7. Nxe4 Nf6 8.
Bd3 Be7 9. O-O Nc6 10. Bg5 Nxe4 11. Bxe7 Qxe7 12. Bxe4 O-O 13. Ne5 Bd7 14. Nxd7
Qxd7 15. d5 exd5 16. Qxd5 1/2-1/2

[Event "Lliga Catalana DH"]
[Site "?"]
[Date "2018.02.03"]
[Round "3.8"]
[White "Bofill Mas, Alexandre"]
[Black "Codina Garcia, Josep"]
[Result "1-0"]
[WhiteElo "2412"]
[BlackElo "2189"]
[PlyCount "73"]
[WhiteTeam "CCS"]
[BlackTeam "LLE"]

1. c4 Nf6 2. g3 e6 3. Bg2 d5 4. Nf3 Be7 5. O-O O-O 6. b3 c6 7. Bb2 Nbd7 8. d3
b6 9. Nbd2 Bb7 10. e4 Rc8 11. Qe2 Qc7 12. e5 Ne8 13. h4 c5 14. Rfe1 Nb8 15. Nf1
Qd7 16. Rad1 Nc7 17. N1h2 d4 18. Bc1 Rfe8 19. h5 Qd8 20. Bf4 Nd7 21. Qd2 Nf8
22. Ng4 Na6 23. Ng5 Bxg2 24. Kxg2 Nb8 25. Ne4 Nbd7 26. h6 g6 27. Bg5 Bxg5 28.
Nxg5 Qe7 29. Qf4 Rc6 30. Rb1 a5 31. a3 Ra8 32. Re2 Rc7 33. Reb2 Rca7 34. Ne4
Nb8 35. Qf3 Qc7 36. b4 axb4 37. Qf6 1-0

[Event "Lliga Catalana DH"]
[Site "?"]
[Date "2018.02.03"]
[Round "3.9"]
[White "Masague Artero, Guerau"]
[Black "Ayas Fernandez, Antoni"]
[Result "0-1"]
[WhiteElo "2164"]
[BlackElo "2351"]
[PlyCount "133"]
[WhiteTeam "LLE"]
[BlackTeam "CCS"]

1. d4 Nf6 2. c4 e6 3. Nf3 c5 4. d5 exd5 5. cxd5 g6 6. Nc3 d6 7. g3 Bg7 8. Bg2
O-O 9. O-O Re8 10. Nd2 a6 11. a4 Nbd7 12. h3 Rb8 13. Nc4 Nb6 14. Na3 Bd7 15. a5
Nc8 16. Nc4 Bb5 17. Qb3 Bxc4 18. Qxc4 Nd7 19. Kh2 Ne5 20. Qa4 f5 21. Bg5 Ne7
22. Qh4 Kf7 23. Qf4 h6 24. Bxh6 Bxh6 25. Qxh6 Ng4+ 26. hxg4 Rh8 27. g5 Rxh6+
28. gxh6 Qh8 29. Ra4 Qxh6+ 30. Rh4 Qd2 31. Rh7+ Kf6 32. Rb1 Rg8 33. e4 Rg7 34.
Rh8 Qxf2 35. exf5 gxf5 36. Ne4+ fxe4 37. Rf1 Qxf1 38. Bxf1 Nxd5 39. Bg2 Ke5 40.
Rh5+ Kd4 41. Rh4 Nf6 42. Bh3 d5 43. Kg2 Ke3 44. Rh6 Rf7 45. Be6 Rf8 46. g4 d4
47. g5 Ne8 48. g6 Ng7 49. Bf7 d3 50. Kf1 d2 51. Rh3+ Kd4 52. Ke2 e3 53. Rh4+
Ke5 54. Rh1 Nf5 55. Rd1 Ke4 56. Rg1 Nd4+ 57. Kd1 e2+ 58. Kxd2 Nf3+ 59. Kxe2
Nxg1+ 60. Kf2 Ke5 61. Kxg1 Kf6 62. Bd5 Kxg6 63. Bxb7 Rf6 64. Bd5 Kf5 65. Kf2
Ke5+ 66. Bf3 Kd4 67. Ke2 0-1

[Event "Lliga Catalana DH"]
[Site "?"]
[Date "2018.02.03"]
[Round "3.10"]
[White "Rajendra Sagar, Tejaswini"]
[Black "Sole Gonzalez, Edgar"]
[Result "1-0"]
[WhiteElo "2081"]
[BlackElo "2134"]
[PlyCount "63"]
[WhiteTeam "CCS"]
[BlackTeam "LLE"]

1. e4 e5 2. Nf3 Nc6 3. Bb5 h6 4. Ba4 Nf6 5. O-O b5 6. Bb3 Be7 7. Re1 d6 8. c3
O-O 9. h3 Na5 10. Bc2 c5 11. d4 Qc7 12. Nbd2 cxd4 13. cxd4 Re8 14. b3 Nc6 15.
a3 exd4 16. Bb2 Nd7 17. Nxd4 Nxd4 18. Bxd4 Bf6 19. Nf3 Bb7 20. Rc1 Rac8 21. Qd2
Bxd4 22. Nxd4 Qd8 23. Nf5 Nf6 24. Nxd6 Re7 25. e5 Ne8 26. Qd3 g6 27. Nxc8 Qxc8
28. Qd2 Qe6 29. b4 Rd7 30. Qe3 h5 31. Bb3 Qf5 32. e6 1-0

[Event "Lliga Catalana DH"]
[Site "?"]
[Date "2018.02.03"]
[Round "3.1"]
[White "Valle Maytin, Luis Enrique"]
[Black "Vila Gazquez, Xavier"]
[Result "1/2-1/2"]
[WhiteElo "2363"]
[BlackElo "2530"]
[PlyCount "132"]
[EventDate "2018.??.??"]
[WhiteTeam "GER"]
[BlackTeam "BAB"]

1. d4 Nf6 2. Nf3 g6 3. g3 c5 4. c4 cxd4 5. Nxd4 Bg7 6. Bg2 O-O 7. Nc3 Nc6 8.
O-O a6 9. b3 d5 10. cxd5 Nxd4 11. Qxd4 Nxd5 12. Qxd5 Bxc3 13. Rb1 Bf5 14. Bh6
Qxd5 15. Bxd5 Rfd8 16. Rbd1 Bh3 17. Bg2 Bxg2 18. Kxg2 b5 19. Kf3 f5 20. e4 Kf7
21. exf5 gxf5 22. Ke2 Rac8 23. Bd2 Bb2 24. Bc1 Bf6 25. Be3 Ke6 26. Rc1 Bc3 27.
Rc2 b4 28. Rfc1 Rc6 29. Bd2 Rdc8 30. Bxc3 bxc3 31. Kd3 Rd8+ 32. Ke3 Rdc8 33.
Rd1 Kf6 34. Rd7 h6 35. f4 h5 36. Kd3 h4 37. gxh4 Rh8 38. Rxc3 Rxc3+ 39. Kxc3
Rxh4 40. Rd4 Rxh2 41. Ra4 Ke6 42. Kd3 Rf2 43. Rxa6+ Kd5 44. Ra5+ Ke6 45. Ke3
Rb2 46. Ra4 Kd5 47. Kd3 Rf2 48. Rd4+ Kc5 49. Rc4+ Kd5 50. a4 Rf3+ 51. Kc2 e5
52. fxe5 Rf2+ 53. Kc3 Ra2 54. Kd3 Ra3 55. Rb4 Kxe5 56. Ke3 Ra1 57. Rb5+ Ke6 58.
a5 Re1+ 59. Kf2 Ra1 60. Kf3 Rf1+ 61. Ke2 Ra1 62. Kd3 Rd1+ 63. Kc4 f4 64. Rb8
Ke7 65. Rh8 f3 66. Rh2 Rc1+ 1/2-1/2

[Event "Lliga Catalana DH"]
[Site "?"]
[Date "2018.02.03"]
[Round "3.3"]
[White "Mundet Riera, Jaume"]
[Black "Alonso Moyano, Jonathan"]
[Result "0-1"]
[WhiteElo "2271"]
[BlackElo "2458"]
[PlyCount "76"]
[EventDate "2018.??.??"]
[WhiteTeam "GER"]
[BlackTeam "BAB"]

1. Nf3 f5 2. c4 Nf6 3. Nc3 d6 4. g3 e5 5. Bg2 Be7 6. d3 O-O 7. O-O Qe8 8. Bg5
h6 9. Bxf6 Bxf6 10. Nd5 Bd8 11. e3 c6 12. Nc3 Nd7 13. d4 Bc7 14. Re1 Qf7 15. b3
Nf6 16. Nd2 f4 17. exf4 exf4 18. Nde4 Ng4 19. Qd2 f3 20. Bf1 Bf5 21. h3 Nf6 22.
Nxf6+ Qxf6 23. Qf4 Bb6 24. Rad1 g5 25. Qd2 Rae8 26. Rxe8 Rxe8 27. Kh2 Kf7 28.
a3 Bg6 29. b4 h5 30. d5 h4 31. Bd3 Bxd3 32. Qxd3 Bxf2 33. gxh4 gxh4 34. Kh1 Bg3
35. Rf1 f2 36. Ne4 Qf4 37. Nxg3 hxg3 38. Kg2 Re3 0-1

[Event "Lliga Catalana DH"]
[Site "?"]
[Date "2018.02.03"]
[Round "3.2"]
[White "Rizouk, Aimen"]
[Black "Molina Carretero, Dani"]
[Result "1-0"]
[WhiteElo "2494"]
[BlackElo "2329"]
[PlyCount "95"]
[EventDate "2018.??.??"]
[WhiteTeam "BAB"]
[BlackTeam "GER"]

1. e4 c5 2. Nf3 d6 3. d4 cxd4 4. Nxd4 Nf6 5. Nc3 g6 6. Be2 Bg7 7. O-O Nc6 8.
Nb3 Be6 9. Re1 O-O 10. Bg5 Rc8 11. Bf1 Na5 12. Nd5 Bxd5 13. exd5 Nc4 14. Bxc4
Rxc4 15. Qd3 Rc7 16. c3 Re8 17. Rad1 Nd7 18. Nd4 Nb6 19. Qf3 Rc5 20. Ne2 Nc4
21. Bc1 Qb6 22. b3 Ne5 23. Qe4 Qa6 24. Be3 Rc7 25. a4 Nd7 26. c4 Nc5 27. Qb1 b6
28. Nd4 Qb7 29. Qc2 a5 30. Re2 Na6 31. Nb5 Rd7 32. Rde1 Bf6 33. Bf4 Rc8 34. Qd2
Nc5 35. Qe3 Kg7 36. Bh6+ Kg8 37. Qf3 Be5 38. h4 Nxa4 39. bxa4 Rxc4 40. Re4 Rxe4
41. Qxe4 Rd8 42. Rc1 Rc8 43. Rc6 e6 44. Nxd6 Bxd6 45. Rxd6 exd5 46. Qe5 f5 47.
Qe6+ Kh8 48. Rd7 1-0

[Event "Lliga Catalana DH"]
[Site "?"]
[Date "2018.02.03"]
[Round "3.4"]
[White "Perez Mañas, Benjamin"]
[Black "Gonzalez Vericat, Sergi"]
[Result "1-0"]
[WhiteElo "2410"]
[BlackElo "2257"]
[PlyCount "51"]
[EventDate "2018.??.??"]
[WhiteTeam "BAB"]
[BlackTeam "GER"]

1. e4 c5 2. Nf3 d6 3. d4 cxd4 4. Nxd4 Nf6 5. Nc3 a6 6. Bg5 e6 7. f4 Qb6 8. a3
Nc6 9. Nb3 Be7 10. Qf3 h6 11. Bh4 g5 12. Bf2 Qc7 13. g3 b5 14. Bg2 Bb7 15.
O-O-O Na5 16. Nd4 Nc4 17. Qd3 Rc8 18. Rhe1 Nxa3 19. e5 Bxg2 20. exf6 Bxf6 21.
Nxe6 Qb8 22. Nc5+ Be7 23. Rxe7+ Kxe7 24. Nxa6 Rxc3 25. Qxc3 Qc8 26. Qxa3 1-0

[Event "Lliga Catalana DH"]
[Site "?"]
[Date "2018.02.03"]
[Round "3.5"]
[White "Guso Llorca, Jordi"]
[Black "Obon Temprano, Sergi"]
[Result "0-1"]
[WhiteElo "2249"]
[BlackElo "2384"]
[PlyCount "52"]
[EventDate "2018.??.??"]
[WhiteTeam "GER"]
[BlackTeam "BAB"]

1. d4 d5 2. Nf3 Nf6 3. g3 c6 4. Bg2 Bg4 5. b3 Nbd7 6. Bb2 e6 7. Nbd2 h6 8. O-O
Be7 9. c4 O-O 10. Ne1 a5 11. Nd3 Bf5 12. Re1 a4 13. c5 Qa5 14. Nf3 Ne4 15. b4
Qc7 16. a3 b6 17. cxb6 Nxb6 18. Qc2 Nc4 19. Bc1 Bf6 20. h3 Qa7 21. Bb2 c5 22.
g4 Bh7 23. Nfe5 Bxe5 24. dxe5 cxb4 25. axb4 Nxf2 26. Kf1 Ne3+ 0-1

[Event "Lliga Catalana DH"]
[Site "?"]
[Date "2018.02.03"]
[Round "3.6"]
[White "Ribas Garcia, Victor"]
[Black "Carrasco Holgado, David"]
[Result "1-0"]
[WhiteElo "2343"]
[BlackElo "2229"]
[PlyCount "105"]
[EventDate "2018.??.??"]
[WhiteTeam "BAB"]
[BlackTeam "GER"]

1. e4 c5 2. Nc3 e6 3. f4 d5 4. Nf3 Nc6 5. Bb5 d4 6. Ne2 Nf6 7. Bxc6+ bxc6 8. d3
Be7 9. O-O O-O 10. Ne5 Qc7 11. Ng3 a5 12. a4 Ne8 13. Bd2 f6 14. Nc4 Nd6 15.
Nxd6 Bxd6 16. b3 Bd7 17. Qe2 f5 18. e5 Be7 19. Rf2 Be8 20. Nf1 Ra7 21. Bc1 Bd7
22. Nd2 Bc8 23. Qe1 Ba6 24. Nf3 h6 25. Re2 Qd8 26. Bd2 Bc8 27. Bc1 Kh7 28. Qg3
g6 29. Bd2 Rg8 30. Qh3 Kg7 31. g4 Qd5 32. Rg2 Bf8 33. Kf2 Kf7 34. Rag1 Bd7 35.
gxf5 exf5 36. Rxg6 Rxg6 37. Qh5 Ke8 38. Rxg6 Kd8 39. Qh4+ Kc7 40. Qf6 Be8 41.
Rg3 Qf7 42. Qh8 Kb6 43. e6 Qe7 44. Rg8 Bg7 45. Rxg7 Qxg7 46. Qxe8 Qe7 47. Qg6
Ra8 48. Ne5 Qh4+ 49. Qg3 Qh5 50. Qg2 Rc8 51. e7 Qd1 52. Nc4+ Ka6 53. e8=Q 1-0

[Event "Lliga Catalana DH"]
[Site "?"]
[Date "2018.02.03"]
[Round "3.7"]
[White "Parramon Ros, Francesc"]
[Black "Martinez Ramirez, Erik"]
[Result "0-1"]
[WhiteElo "2189"]
[BlackElo "2335"]
[PlyCount "80"]
[EventDate "2018.??.??"]
[WhiteTeam "GER"]
[BlackTeam "BAB"]

1. d4 Nf6 2. Nf3 g6 3. Bf4 Bg7 4. e3 d5 5. Be2 O-O 6. Nc3 c6 7. Ne5 Nbd7 8. h4
Ne4 9. Nxe4 dxe4 10. Nxd7 Bxd7 11. h5 Be6 12. hxg6 hxg6 13. f3 c5 14. c3 cxd4
15. exd4 Bd5 16. Qd2 Re8 17. Bh6 Bf6 18. fxe4 Bxe4 19. Bb5 Bc6 20. Bxc6 bxc6
21. O-O-O c5 22. Rdf1 cxd4 23. Rxf6 exf6 24. Bg7 g5 25. Bh8 d3 26. Rh6 Re6 27.
Bxf6 Rxf6 28. Qxg5+ Rg6 29. Rxg6+ fxg6 30. Qxg6+ Kf8 31. Qf5+ Kg7 32. Qg4+ Kf6
33. Qf4+ Kg6 34. Qe4+ Kh6 35. Qe6+ Kh5 36. Qh3+ Kg6 37. Qe6+ Qf6 38. Qe4+ Kh6
39. Qxd3 Qg5+ 40. Kd1 Rd8 0-1

[Event "Lliga Catalana DH"]
[Site "?"]
[Date "2018.02.03"]
[Round "3.8"]
[White "Rovira Vila, Jaume"]
[Black "Carrasco Rodriguez, Jesus"]
[Result "1-0"]
[WhiteElo "2176"]
[BlackElo "2285"]
[PlyCount "65"]
[EventDate "2018.??.??"]
[WhiteTeam "GER"]
[BlackTeam "BAB"]

1. g4 d5 2. Bg2 Bxg4 3. c4 c6 4. Qb3 Qb6 5. Qxb6 axb6 6. cxd5 Nf6 7. Nc3 e6 8.
h3 Bf5 9. e4 Bg6 10. dxe6 fxe6 11. Nge2 Nbd7 12. O-O Be7 13. d4 Bf7 14. Be3 O-O
15. f4 b5 16. e5 Nd5 17. Nxd5 exd5 18. f5 Nb6 19. Nf4 Nc4 20. Bc1 b4 21. Bf3
Bd8 22. Re1 Bb6 23. Kg2 Be8 24. Nxd5 cxd5 25. Bxd5+ Bf7 26. e6 Nd6 27. Bf4 Nxf5
28. exf7+ Kh8 29. Kh1 Rad8 30. Bc4 Bxd4 31. Be6 Nh6 32. Bc7 Nxf7 33. Bxf7 1-0

[Event "Lliga Catalana DH"]
[Site "Catalunya"]
[Date "2018.02.03"]
[Round "3.9"]
[White "Garcia Busquets, Jordi"]
[Black "Ramirez Carrizo, Víctor Jose"]
[Result "0-1"]
[WhiteElo "2147"]
[BlackElo "2263"]
[PlyCount "82"]
[EventDate "2018.??.??"]
[EventType "tourn"]
[EventRounds "9"]
[WhiteTeam "GER"]
[BlackTeam "BAB"]

1. e4 e6 2. d3 d5 3. Nd2 c5 4. g3 Bd6 5. Qg4 Be5 6. Bg2 Nc6 7. Qe2 Nge7 8. f4
Bc7 9. e5 Nb4 10. Nb3 d4 11. Be4 O-O 12. Nf3 Nf5 13. O-O Bb6 14. Kh1 Nd5 15.
Re1 a5 16. Nbd2 a4 17. Nc4 Bc7 18. Bd2 b5 19. Na3 Rb8 20. Rab1 Qe7 21. c4 dxc3
22. bxc3 Ba6 23. c4 bxc4 24. Nxc4 Rfd8 25. Rec1 Rxb1 26. Rxb1 Nb4 27. Bc3 h6
28. a3 Nd5 29. Be1 Qd7 30. Qf2 Rc8 31. Qe2 Nd4 32. Nxd4 cxd4 33. Na5 Bxa5 34.
Bxa5 Nc3 35. Bxc3 dxc3 36. Qc2 Qd4 37. Rb4 Qe3 38. Rxa4 Qe1+ 39. Kg2 Qd2+ 40.
Qxd2 cxd2 41. Bf3 Bb7 0-1

[Event "Lliga Catalana DH"]
[Site "?"]
[Date "2018.02.03"]
[Round "3.10"]
[White "Almeria Vivo, Marc"]
[Black "Horta Gafarot, Biel"]
[Result "1-0"]
[WhiteElo "2299"]
[BlackElo "2039"]
[PlyCount "63"]
[EventDate "2018.??.??"]
[WhiteTeam "BAB"]
[BlackTeam "GER"]

1. e4 c5 2. Nf3 g6 3. c3 Bg7 4. Be2 Nc6 5. d3 d5 6. O-O d4 7. Bd2 Nf6 8. a4 Qb6
9. Na3 Be6 10. Ng5 Bb3 11. Qc1 h6 12. Nh3 Na5 13. cxd4 cxd4 14. Nb5 O-O 15.
Bxh6 Rfc8 16. Qf4 e5 17. Qh4 Rc2 18. Bd1 Rxb2 19. Bxg7 Kxg7 20. f4 Bxd1 21.
Raxd1 Rh8 22. Qg3 Nh5 23. Qg5 exf4 24. Nxf4 a6 25. Qe5+ f6 26. Qe7+ Kh6 27.
Nxh5 Kxh5 28. Rxf6 Qd8 29. Qe5+ Kh6 30. Nd6 Kh7 31. Rf7+ Kh6 32. Rf3 1-0

[Event "Lliga Catalana DH"]
[Site "?"]
[Date "2018.02.03"]
[Round "3.3"]
[White "Djuric, Stefan"]
[Black "Amigo Vilalta, Jordi"]
[Result "1/2-1/2"]
[WhiteElo "2470"]
[BlackElo "2322"]
[PlyCount "29"]
[EventDate "2018.??.??"]
[WhiteTeam "PEC"]
[BlackTeam "CAT"]

1. c4 e6 2. Nc3 Nf6 3. d4 Bb4 4. e3 b6 5. Nge2 Ba6 6. Qa4 c5 7. a3 Bxc3+ 8.
Nxc3 Bb7 9. Qd1 d5 10. cxd5 exd5 11. Bb5+ Nbd7 12. O-O O-O 13. f3 Re8 14. Bd3
c4 15. Bc2 1/2-1/2

[Event "Lliga Catalana DH"]
[Site "?"]
[Date "2018.02.03"]
[Round "3.5"]
[White "Escandell Mari, Juan Carlos"]
[Black "Vera Pons, Felipe"]
[Result "1/2-1/2"]
[WhiteElo "2351"]
[BlackElo "2298"]
[PlyCount "29"]
[EventDate "2018.??.??"]
[WhiteTeam "PEC"]
[BlackTeam "CAT"]

1. e4 g6 2. d4 Bg7 3. Nc3 d6 4. f4 Nc6 5. Be3 Nf6 6. Nf3 O-O 7. Qd2 Bg4 8.
O-O-O Bxf3 9. gxf3 e5 10. Ne2 exd4 11. Nxd4 Nh5 12. f5 Nxd4 13. Bxd4 Bxd4 14.
Qxd4 Qf6 15. Qd2 1/2-1/2

[Event "Lliga Catalana DH"]
[Site "?"]
[Date "2018.02.03"]
[Round "3.2"]
[White "Canal Oliveras, Joan"]
[Black "Gual Pascual, Antoni"]
[Result "0-1"]
[WhiteElo "2317"]
[BlackElo "2485"]
[PlyCount "56"]
[EventDate "2018.??.??"]
[WhiteTeam "CAT"]
[BlackTeam "PEC"]

1. d4 g6 2. e4 Bg7 3. Nc3 d6 4. Be3 a6 5. Qd2 b5 6. Bd3 Bb7 7. a4 b4 8. Nce2 a5
9. Ng3 Nd7 10. Nf3 e6 11. c3 bxc3 12. bxc3 Nb6 13. O-O Bc6 14. d5 exd5 15. exd5
Nxd5 16. Bd4 Ndf6 17. Rfe1+ Kf8 18. Ng5 h6 19. N5e4 Nxe4 20. Bxe4 Bxe4 21.
Bxg7+ Kxg7 22. Qd4+ Nf6 23. Nxe4 Re8 24. c4 Re6 25. Ra3 d5 26. cxd5 Qxd5 27.
Qxd5 Nxd5 28. Kf1 Rae8 0-1

[Event "Lliga Catalana DH"]
[Site "?"]
[Date "2018.02.03"]
[Round "3.4"]
[White "Dalo, Hermes"]
[Black "Alonso Garcia, Rene"]
[Result "1-0"]
[WhiteElo "2304"]
[BlackElo "2424"]
[PlyCount "71"]
[EventDate "2018.??.??"]
[WhiteTeam "CAT"]
[BlackTeam "PEC"]

1. Nf3 Nf6 2. d4 g6 3. g3 Bg7 4. Bg2 O-O 5. O-O d6 6. b3 c5 7. Bb2 cxd4 8. Nxd4
d5 9. Nf3 Re8 10. Na3 Nc6 11. c4 e6 12. Nb5 a6 13. cxd5 exd5 14. Nbd4 Qb6 15.
Rc1 Ne4 16. e3 Bg4 17. h3 Bxf3 18. Bxf3 Nxd4 19. Bxd4 Bxd4 20. exd4 Rad8 21.
Re1 Re6 22. Qd3 Rde8 23. Re2 Kg7 24. Kg2 Qd6 25. Rec2 R8e7 26. h4 h5 27. Rc8
Rf6 28. Ra8 Rfe6 29. Rcc8 Nf6 30. Rd8 Rd7 31. Rh8 Rde7 32. Qd2 Ne4 33. Bxe4
Rxe4 34. Qg5 f5 35. Rag8+ Kf7 36. Rf8+ 1-0

[Event "Lliga Catalana DH"]
[Site "?"]
[Date "2018.02.03"]
[Round "3.8"]
[White "Serrano Aspa, Xavier"]
[Black "Oliva Valero, Oscar"]
[Result "0-1"]
[WhiteElo "2220"]
[BlackElo "2298"]
[PlyCount "74"]
[EventDate "2018.??.??"]
[WhiteTeam "CAT"]
[BlackTeam "PEC"]

1. b3 e5 2. Bb2 Nc6 3. e3 d5 4. Bb5 Bd6 5. f4 Qh4+ 6. g3 Qe7 7. Nf3 Bg4 8.
Bxc6+ bxc6 9. fxe5 Bxe5 10. Bxe5 Bxf3 11. Qxf3 Qxe5 12. O-O Nf6 13. Nc3 O-O 14.
Qf4 Qe7 15. Qa4 Qe6 16. Rf4 Nd7 17. Qa5 Qd6 18. Raf1 a6 19. e4 d4 20. Na4 c5
21. Rf5 Rab8 22. c4 Rbe8 23. d3 c6 24. Nxc5 Ne5 25. b4 Ng4 26. R5f4 Ne3 27.
R1f2 Re5 28. Qxa6 f5 29. Qb7 Re7 30. Qa6 g5 31. R4f3 f4 32. Nb7 Qxb4 33. Qxc6
Qxb7 34. Qc5 Qb1+ 35. Rf1 Nxf1 36. Qd5+ Ref7 37. Qxg5+ Rg7 0-1

[Event "Lliga Catalana DH"]
[Site "?"]
[Date "2018.02.03"]
[Round "3.10"]
[White "Petit Montes, Marc"]
[Black "Garcia Acosta, Roger"]
[Result "1-0"]
[WhiteElo "2172"]
[BlackElo "2220"]
[PlyCount "89"]
[EventDate "2018.??.??"]
[WhiteTeam "CAT"]
[BlackTeam "PEC"]

1. b3 d5 2. Bb2 Nf6 3. e3 Bf5 4. Nf3 Nbd7 5. c4 e6 6. Nc3 c5 7. cxd5 exd5 8.
Bb5 a6 9. Bxd7+ Qxd7 10. O-O Bd6 11. d4 cxd4 12. Qxd4 Be4 13. Nxe4 dxe4 14. Nd2
Qe7 15. Qa4+ b5 16. Bxf6 bxa4 17. Bxe7 Kxe7 18. Nxe4 Be5 19. Rab1 Rhc8 20. Rfc1
a3 21. Nd2 Bb2 22. Rxc8 Rxc8 23. Nc4 Ke6 24. Kf1 h5 25. Nxb2 axb2 26. Rxb2 Rc1+
27. Ke2 g5 28. Kd3 f5 29. f3 g4 30. fxg4 hxg4 31. Rc2 Rd1+ 32. Rd2 Rc1 33. g3
Ke5 34. b4 Kd5 35. Rc2 Rd1+ 36. Ke2 Rb1 37. Rc5+ Ke4 38. Rc4+ Ke5 39. Kd3 Rb2
40. Rc5+ Ke6 41. e4 fxe4+ 42. Kxe4 Rxb4+ 43. Ke3 Kd6 44. Ra5 Rb2 45. Kf4 1-0

[Event "Lliga Catalana DH"]
[Site "?"]
[Date "2018.02.03"]
[Round "3.7"]
[White "Castellet Giralt, Gabriel"]
[Black "Vigo Allepuz, David"]
[Result "1/2-1/2"]
[WhiteElo "2322"]
[BlackElo "2223"]
[PlyCount "84"]
[EventDate "2018.??.??"]
[WhiteTeam "PEC"]
[BlackTeam "CAT"]

1. Nf3 d5 2. d4 f5 3. b3 Nf6 4. Bb2 e6 5. e3 Bd6 6. Bd3 Qe7 7. O-O O-O 8. Nbd2
Nbd7 9. Ne5 Ne4 10. f3 Nxd2 11. Qxd2 Nxe5 12. dxe5 Bc5 13. Bd4 Bd7 14. Kh1 Bc6
15. Rad1 Rad8 16. c3 a5 17. Qc2 b6 18. Rd2 g6 19. Rfd1 Ra8 20. b4 Kg7 21. b5
Bb7 22. Qa4 Rf7 23. Rc2 f4 24. exf4 Raf8 25. g3 Kg8 26. Rg2 g5 27. f5 exf5 28.
f4 Bc8 29. Qc2 Be6 30. Rf1 Kh8 31. fxg5 Qxg5 32. Rf4 Qh6 33. Rgf2 Qh5 34. Qe2
Qxe2 35. Bxe2 Be7 36. Bh5 Rg7 37. g4 Rfg8 38. h3 fxg4 39. Bxg4 Rg6 40. Bxe6
Rxe6 41. Rf6 Rg6 42. Rf7 Rg7 1/2-1/2

[Event "Lliga Catalana DH"]
[Site "?"]
[Date "2018.02.03"]
[Round "3.9"]
[White "Valencia Jimenez, Jose"]
[Black "Morcillo Ferran, Jordi"]
[Result "1/2-1/2"]
[WhiteElo "2263"]
[BlackElo "2214"]
[PlyCount "72"]
[EventDate "2018.??.??"]
[WhiteTeam "PEC"]
[BlackTeam "CAT"]

1. c4 b6 2. Nc3 Bb7 3. d4 Nf6 4. d5 e6 5. e4 exd5 6. exd5 Bb4 7. Bd3 c6 8. dxc6
dxc6 9. Nge2 Nbd7 10. Bf4 Nc5 11. Bc2 Qxd1+ 12. Rxd1 Ne6 13. Be5 Be7 14. O-O
Rd8 15. Ne4 Nxe4 16. Bxe4 O-O 17. f4 Nc5 18. Bc2 Rxd1 19. Rxd1 Rd8 20. Rxd8+
Bxd8 21. b4 Nd7 22. Bd6 Ba6 23. Bd3 c5 24. b5 Bb7 25. Bf5 Nf6 26. Nc3 g6 27.
Bd3 Ng4 28. Be4 Bxe4 29. Nxe4 Ne3 30. Nd2 Bf6 31. Kf2 Nd1+ 32. Ke2 Nc3+ 33. Kd3
Nxa2 34. Bb8 Nb4+ 35. Ke2 a6 36. bxa6 Nxa6 1/2-1/2

[Event "Lliga Catalana DH"]
[Site "?"]
[Date "2018.02.03"]
[Round "3.1"]
[White "Guerra Mendez, Jose Angel"]
[Black "Herraiz Hidalgo, Herminio"]
[Result "1-0"]
[WhiteElo "2544"]
[BlackElo "2483"]
[PlyCount "87"]
[EventDate "2018.??.??"]
[WhiteTeam "PEC"]
[BlackTeam "CAT"]

1. e4 c5 2. Nf3 d6 3. d4 Nf6 4. Nc3 cxd4 5. Nxd4 Nc6 6. Bg5 g6 7. Be2 Bg7 8.
Nb3 O-O 9. O-O Be6 10. Qd2 a5 11. a4 Rc8 12. Rad1 Nb4 13. Nd4 Bc4 14. Rfe1 Nd7
15. Bxc4 Rxc4 16. Ndb5 Ne5 17. Qe2 Rc6 18. Na3 h6 19. Be3 Qd7 20. Ncb5 Qg4 21.
f3 Qh5 22. c3 Na6 23. Nd4 Rcc8 24. Nb3 Nc7 25. f4 Qxe2 26. Rxe2 Nd7 27. Nxa5
Ra8 28. N3c4 b5 29. axb5 Nxb5 30. Nc6 Rfe8 31. e5 Rac8 32. N4a5 Nf8 33. c4 Nc7
34. b4 g5 35. fxg5 hxg5 36. Bxg5 Ng6 37. exd6 exd6 38. Rxe8+ Rxe8 39. b5 Bc3
40. Bd2 Bxd2 41. Rxd2 Re1+ 42. Kf2 Rb1 43. Ke3 Ne6 44. Rxd6 1-0